[Event "Torneo Internazionale"]
[Site "Olot ESP"]
[Date "1972.03.??"]
[Round "?"]
[White "Mariotti, Sergio"]
[Black "Bellon Lopez, Juan Manuel"]
[Result "1-0"]
[WhiteElo "2450"]
[BlackElo "2325"]
[PlyCount "49"]
[EventDate "1972.03.17"]

1. e4 c5 2. Nf3 Nc6 3. d4 cxd4 4. Nxd4 g6 5. c4 Bg7 6. Be3 Nh6 7. Be2 O-O 8.
Qd2 Nxd4 9. Bxd4 d6 10. Bxg7 Kxg7 11. h4 f6 12. Nc3 Be6 13. Nd1 a6 14. a3 Rc8
15. Ne3 Qd7 16. Qd4 Qa4 17. b4 Qc6 18. Nd5 Bxd5 19. cxd5 Qd7 20. O-O Kf7 21.
Rfe1 Rc7 22. a4 a5 23. bxa5 Rc5 24. Reb1 Rxa5 25. Qd2 1-0

[Event "Torneo Internazionale"]
[Site "Olot ESP"]
[Date "1972.03.??"]
[Round "?"]
[White "Mariotti, Sergio"]
[Black "Diez Del Corral, Jesus"]
[Result "1/2-1/2"]
[WhiteElo "2450"]
[BlackElo "2460"]
[PlyCount "80"]
[EventDate "1972.03.17"]

1. e4 e6 2. d4 d5 3. Nd2 Nf6 4. e5 Nfd7 5. Bd3 c5 6. c3 Nc6 7. Ne2 cxd4 8. cxd4
Nb6 9. a3 a5 10. h4 Bd7 11. Nf3 a4 12. Bg5 Qb8 13. h5 h6 14. Bf4 Qd8 15. g4 Nc4
16. Qc2 Qb6 17. Rb1 Qb3 18. Qxb3 axb3 19. Nc1 N6a5 20. Nd2 Ba4 21. Rh3 Rc8 22.
Bxc4 dxc4 23. Ne2 Bc6 24. Rc1 b5 25. a4 Bb4 26. axb5 Bxb5 27. Nc3 Bc6 28. Ke2
Rd8 29. Be3 Bxc3 30. Rxc3 O-O 31. Rh4 Bd5 32. g5 hxg5 33. Bxg5 f6 34. Be3 Kh7
35. Ne4 Bxe4 36. Rxe4 f5 37. Rf4 Rd5 38. Rc1 Rfd8 39. Rh4 R8d7 40. Rf4 Rd8
1/2-1/2

[Event "Torneo Internazionale"]
[Site "Olot ESP"]
[Date "1972.03.??"]
[Round "?"]
[White "Mariotti, Sergio"]
[Black "Pomar Salamanca, Arturo"]
[Result "1-0"]
[WhiteElo "2450"]
[BlackElo "2510"]
[PlyCount "95"]
[EventDate "1972.03.17"]

1. e4 c6 2. Nc3 d5 3. Nf3 Bg4 4. h3 Bxf3 5. Qxf3 e6 6. d3 Nd7 7. a3 Bd6 8. Qe2
Ne7 9. f4 Ng6 10. g3 Qe7 11. h4 h5 12. Bh3 Ngf8 13. O-O g6 14. Bd2 f5 15. Rae1
dxe4 16. dxe4 O-O-O 17. b4 a6 18. e5 Bc7 19. Bg2 Nb6 20. Be3 Nd5 21. Bc5 Bb6
22. Na4 Bxc5+ 23. bxc5 Qc7 24. c4 Ne7 25. Rd1 Rxd1 26. Rxd1 Nd7 27. Qb2 Qa5 28.
Qb4 Qxb4 29. axb4 Rd8 30. Rd6 Nf8 31. Kf2 Kc7 32. Nb6 Re8 33. Ke3 Nc8 34. Nxc8
Kxc8 35. Kd4 Rd8 36. Bf3 Rd7 37. b5 axb5 38. cxb5 cxb5 39. Be2 b4 40. Kc4 Rxd6
41. cxd6 Nd7 42. Kxb4 Nb6 43. Bc4 Kd7 44. Bb5+ Kd8 45. Kc5 Nc8 46. Ba4 b6+ 47.
Kc6 b5 48. Bxb5 1-0

[Event "Torneo Internazionale"]
[Site "Olot ESP"]
[Date "1972.03.??"]
[Round "?"]
[White "Medina Garcia, Antonio Angel"]
[Black "Mariotti, Sergio"]
[Result "1-0"]
[WhiteElo "2420"]
[BlackElo "2450"]
[PlyCount "59"]
[EventDate "1972.03.17"]

1. e4 e5 2. Nf3 Nc6 3. Bb5 Qf6 4. Nc3 Nge7 5. d3 h6 6. O-O d6 7. d4 a6 8. dxe5
dxe5 9. Be3 Bg4 10. Be2 Bxf3 11. Bxf3 Nd4 12. Bxd4 exd4 13. e5 Qb6 14. Na4 Qa7
15. c3 O-O-O 16. cxd4 Rxd4 17. Qc2 b5 18. Nc3 Kb8 19. a4 bxa4 20. Rfd1 Nc8 21.
Rxd4 Qxd4 22. Rd1 Qxe5 23. Qxa4 Qe6 24. Bc6 Ka7 25. Ra1 Ba3 26. Nb5+ Kb6 27.
Nd4 Qe5 28. Qb3+ Kc5 29. Qxa3+ Kxd4 30. Qc3# 1-0

[Event "Torneo Internazionale"]
[Site "Olot ESP"]
[Date "1972.03.??"]
[Round "?"]
[White "Robatsch, Karl"]
[Black "Mariotti, Sergio"]
[Result "1/2-1/2"]
[WhiteElo "2460"]
[BlackElo "2450"]
[PlyCount "74"]
[EventDate "1972.03.17"]

1. e4 c5 2. Nf3 d6 3. d4 cxd4 4. Nxd4 Nf6 5. Nc3 a6 6. Be2 e5 7. Nf3 Be7 8. Bc4
Qb6 9. O-O O-O 10. Re1 Be6 11. Nd5 Nxd5 12. Bxd5 Bxd5 13. Qxd5 Qc7 14. c4 Nd7
15. b3 Nf6 16. Qd3 b5 17. cxb5 d5 18. b6 Qxb6 19. Nxe5 dxe4 20. Qe2 Bb4 21. Nc4
Qb7 22. Rd1 Bc3 23. Bb2 Bxb2 24. Qxb2 a5 25. Rd4 Rfb8 26. Re1 Qe7 27. Nd2 Rb4
28. Nxe4 Nxe4 29. Rexe4 Qxe4 30. Rxe4 Rxe4 31. g3 Rb4 32. Qa3 Rd4 33. Kg2 Rd2
34. Qa4 Rdd8 35. Qh4 f5 36. Qh5 g6 37. Qe2 Rd6 1/2-1/2